[Event "European Youth Chess Championship B14"]
[Site "Prague, Top Hotel Prague"]
[Date "2012.08.21"]
[Round "5.10"]
[White "Snihur, Piotr"]
[Black "Van Foreest, Jorden"]
[Result "1/2-1/2"]
[WhiteElo "2038"]
[BlackElo "2225"]
[PlyCount "0"]
[EventDate "2012.08.17"]

1. e4 {[%clk 1:30:59]} e5 {[%clk 1:30:55]} 2. Nf3 {[%clk 1:31:17]} Nc6
{[%clk 1:31:19]} 3. Bb5 {[%clk 1:31:43]} a6 {[%clk 1:31:43]} 4. Ba4
{[%clk 1:32:03]} Nge7 {[%clk 1:32:07]} 5. O-O {[%clk 1:27:55]} g6
{[%clk 1:32:31]} 6. c3 {[%clk 1:19:21]} Bg7 {[%clk 1:32:52]} 7. d4
{[%clk 1:18:29]} b5 {[%clk 1:32:58]} 8. Bb3 {[%clk 1:16:43]} exd4
{[%clk 1:33:21]} 9. cxd4 {[%clk 1:09:24]} O-O {[%clk 1:33:22]} 10. Nc3
{[%clk 1:01:08]} Na5 {[%clk 1:33:47]} 11. Bc2 {[%clk 0:58:23]} d6
{[%clk 1:34:07]} 12. h3 {[%clk 0:55:01]} c5 {[%clk 1:34:30]} 13. Bf4
{[%clk 0:43:59]} Nc4 {[%clk 1:20:52]} 14. b3 {[%clk 0:39:24]} Na3
{[%clk 1:19:06]} 15. Rc1 {[%clk 0:36:08]} Nxc2 {[%clk 1:17:37]} 16. Rxc2
{[%clk 0:36:26]} cxd4 {[%clk 1:13:14]} 17. Nxd4 {[%clk 0:31:47]} Bb7
{[%clk 1:12:23]} 18. Qd3 {[%clk 0:27:15]} Rc8 {[%clk 1:08:37]} 19. Rfc1
{[%clk 0:23:02]} Qb6 {[%clk 1:03:30]} 20. Nce2 {[%clk 0:21:22]} Rxc2
{[%clk 1:01:48]} 21. Rxc2 {[%clk 0:20:30]} Re8 {[%clk 0:55:34]} 22. Be3
{[%clk 0:17:40]} Qd8 {[%clk 0:52:21]} 23. Rd2 {[%clk 0:11:38]} Qa8
{[%clk 0:48:05]} 24. Ng3 {[%clk 0:07:00]} d5 {[%clk 0:48:07]} 25. e5
{[%clk 0:06:56]} Bxe5 {[%clk 0:48:23]} 26. f4 {[%clk 0:07:15]} Bg7
{[%clk 0:47:37]} 27. f5 {[%clk 0:06:00]} Qb8 {[%clk 0:47:27]} 28. Bf2
{[%clk 0:04:10]} Nc6 {[%clk 0:46:29]} 29. fxg6 {[%clk 0:03:47]} hxg6
{[%clk 0:46:49]} 30. Nge2 {[%clk 0:03:07]} Qe5 {[%clk 0:45:32]} 31. Nxc6
{[%clk 0:02:32]} Bxc6 {[%clk 0:45:45]} 32. Bd4 {[%clk 0:02:20]} Qe4
{[%clk 0:46:06]} 33. Bxg7 {[%clk 0:01:47]} Qxd3 {[%clk 0:46:20]} 34. Rxd3
{[%clk 0:02:12]} Kxg7 {[%clk 0:45:26]} 35. Nd4 {[%clk 0:02:19]} Bd7
{[%clk 0:45:46]} 36. b4 {[%clk 0:02:26]} Kf6 {[%clk 0:42:25]} 37. Nb3
{[%clk 0:01:42]} Re2 {[%clk 0:41:56]} 38. a3 {[%clk 0:01:11]} Bf5
{[%clk 0:40:59]} 39. Rxd5 {[%clk 0:00:43]} Rxg2+ {[%clk 0:41:22]} 40. Kxg2
{[%clk 0:31:12]} Be4+ {[%clk 1:11:43]} 41. Kg3 {[%clk 0:31:42]} Bxd5
{[%clk 1:12:04]} 42. Nc5 {[%clk 0:32:02]} Ke5 {[%clk 1:12:26]} 43. Nxa6
{[%clk 0:31:07]} Kd4 {[%clk 1:11:28]} 44. Kf4 {[%clk 0:23:49]} Kc3
{[%clk 1:09:00]} 45. Nc5 {[%clk 0:20:31]} Bc6 {[%clk 0:45:29]} 46. Kg5
{[%clk 0:14:28]} Kb2 {[%clk 0:44:14]} 47. Kf6 {[%clk 0:13:33]} Kxa3
{[%clk 0:44:28]} 48. Na6 {[%clk 0:13:51]} Bb7 {[%clk 0:42:36]} 49. Nc7
{[%clk 0:14:11]} Kxb4 {[%clk 0:42:56]} 50. Kxf7 {[%clk 0:14:35]} Be4
{[%clk 0:43:14]} 51. Kf6 {[%clk 0:14:54]} Kc4 {[%clk 0:43:19]} 52. Nxb5
{[%clk 0:15:10]} 1/2-1/2

[Event "European Youth Chess Championship B14"]
[Site "Prague, Top Hotel Prague"]
[Date "2012.08.21"]
[Round "5.12"]
[White "Nikolovski, Nikola"]
[Black "Sadikhov, Ulvi"]
[Result "0-1"]
[WhiteElo "1917"]
[BlackElo "2171"]
[PlyCount "114"]
[EventDate "2012.08.17"]

1. e4 c5 2. Nc3 d6 3. f4 g6 4. Nf3 Bg7 5. Bb5+ Nc6 6. d3 e6 7. Bxc6+ bxc6 8.
O-O Ne7 9. Kh1 O-O 10. e5 Nf5 11. Ne4 h5 12. exd6 Nxd6 13. Nxc5 Nf5 14. c3 h4
15. d4 Qd5 16. Qe2 a5 17. Qe4 Rd8 18. Qxd5 exd5 19. Ne5 Ne7 20. b4 f6 21. Nf3
h3 22. g3 a4 23. Bd2 Nf5 24. Rfe1 Kf7 25. Kg1 Nd6 26. Kf2 Nc4 27. Be3 Re8 28.
Nd2 Nd6 29. Rac1 Bf5 30. Kf3 Ra7 31. Bf2 Rxe1 32. Rxe1 Nb5 33. c4 Nc3 34. a3
Re7 35. Rc1 Ne2 36. Ra1 Nc3 37. cxd5 cxd5 38. Rc1 Ne2 39. Ra1 Nc3 40. Rc1 Ne2
41. Ra1 Nc3 42. b5 Be4+ 43. Ndxe4 dxe4+ 44. Ke3 f5 45. b6 Nd5+ 46. Ke2 Nxb6 47.
Rb1 Nd5 48. Rb7 Rxb7 49. Nxb7 Bf8 50. Nc5 Bxc5 51. dxc5 Ke6 52. Bd4 Kd7 53. g4
Nxf4+ 54. Kf2 Ne6 55. Be3 f4 56. Bc1 g5 57. Bb2 Kc6 0-1

[Event "European Youth Chess Championship B14"]
[Site "Prague, Top Hotel Prague"]
[Date "2012.08.21"]
[Round "5.13"]
[White "Aleksanyan, Gor"]
[Black "Shtembuliak, Evgeny"]
[Result "1/2-1/2"]
[WhiteElo "1907"]
[BlackElo "2153"]
[PlyCount "146"]
[EventDate "2012.??.??"]

1. e4 e6 2. d4 d5 3. Nd2 Nf6 4. e5 Nfd7 5. Bd3 c5 6. c3 Nc6 7. Ne2 cxd4 8. cxd4
f6 9. exf6 Qxf6 10. Nf3 h6 11. O-O Bd6 12. Be3 O-O 13. Rc1 Rd8 14. Bb1 Nf8 15.
Qd2 Bd7 16. Bf4 Be8 17. Bxd6 Rxd6 18. Nf4 g5 19. Ne2 Bh5 20. Rc3 Rd7 21. Re3
Rf7 22. h3 Qg7 23. Ne5 Bxe2 24. Rxe2 Rf4 25. Nxc6 bxc6 26. Rd1 Rb8 27. Qc3 Rb6
28. g3 Rf6 29. Kg2 Qe7 30. Rc1 Qd6 31. b3 Kg7 32. Qd3 Ng6 33. Re3 Nf8 34. Re2
Ng6 35. Re3 Qf8 36. Qe2 Qf7 37. Re1 Nf8 38. Rh1 Rb4 39. Rd3 Ng6 40. a3 Rb8 41.
Rc3 Rf8 42. f3 h5 43. Re1 Qe7 44. Bxg6 Rxg6 45. Qe5+ Qf6 46. Re2 Qxe5 47. Rxe5
Rb8 48. b4 Rb6 49. Kf2 Kf6 50. f4 h4 51. Rce3 Kf7 52. Re1 gxf4 53. gxf4 a5 54.
Rh5 axb4 55. axb4 Rxb4 56. Re2 Rb3 57. Re1 Rb2+ 58. Re2 Rxe2+ 59. Kxe2 Rg2+ 60.
Ke1 Ra2 61. Rh7+ Kf6 62. Rxh4 Ra3 63. Ke2 Ra5 64. Rg4 Ra3 65. Kf2 Ra4 66. Ke2
Ra3 67. Kf2 Rxh3 68. Rg1 Kf5 69. Re1 Kxf4 70. Rxe6 Rh2+ 71. Kg1 Rh3 72. Kf2
Rh2+ 73. Kg1 Rh3 1/2-1/2

[Event "European Youth Chess Championship B14"]
[Site "Prague, Top Hotel Prague"]
[Date "2012.08.21"]
[Round "5.14"]
[White "Tomczak, Mikolaj"]
[Black "Dolana, Andrei-Theodor"]
[Result "0-1"]
[WhiteElo "1901"]
[BlackElo "2136"]
[PlyCount "84"]
[EventDate "2012.08.17"]

1. d4 d5 2. Nf3 Nf6 3. c4 e6 4. Qc2 c5 5. cxd5 cxd4 6. Nxd4 Nxd5 7. a3 Nf6 8.
e3 e5 9. Nf3 Bd6 10. Nc3 O-O 11. Bd3 Nc6 12. O-O Bg4 13. Ng5 h6 14. Nge4 Nxe4
15. Nxe4 Be7 16. h3 Be6 17. Rd1 Qb6 18. b4 Rac8 19. Qe2 f5 20. Ng3 e4 21. Bc4
Ne5 22. Bxe6+ Qxe6 23. Bb2 Nd3 24. Nh5 Rf7 25. Nf4 Qb3 26. Nxd3 Rc2 27. Qf1
exd3 28. Bd4 Re2 29. g3 Bf8 30. Bxa7 Rc7 31. Bd4 Rcc2 32. Qg2 Rxf2 33. Qxb7
Rg2+ 34. Qxg2 Rxg2+ 35. Kxg2 Qc2+ 36. Kg1 Bd6 37. Rac1 Qe2 38. Rc8+ Kf7 39. Rb1
Bxg3 40. e4 Qh2+ 41. Kf1 Qh1+ 42. Bg1 Qf3+ 0-1

[Event "European Youth Chess Championship B14"]
[Site "Prague, Top Hotel Prague"]
[Date "2012.08.21"]
[Round "5.15"]
[White "Lappalainen, Matias"]
[Black "Grigorian, Spartak"]
[Result "0-1"]
[WhiteElo "1870"]
[BlackElo "2118"]
[PlyCount "54"]
[EventDate "2012.08.17"]

1. e4 c5 2. Nf3 Nc6 3. c3 Nf6 4. e5 Nd5 5. d4 cxd4 6. cxd4 d6 7. exd6 Qxd6 8.
Nc3 Bg4 9. Nxd5 Qxd5 10. Be3 e5 11. Be2 Bb4+ 12. Kf1 e4 13. Nd2 Bxe2+ 14. Qxe2
Bxd2 15. Qxd2 O-O 16. g3 Qf5 17. h3 Rad8 18. Kg1 Rd6 19. g4 Qg6 20. Kg2 f5 21.
g5 Qh5 22. d5 f4 23. Qd1 Qxg5+ 24. Qg4 Rxd5 25. Bc1 Qf6 26. Kh2 Rg5 27. Qe2
Rg2+ 0-1

[Event "European Youth Chess Championship B14"]
[Site "Prague, Top Hotel Prague"]
[Date "2012.08.21"]
[Round "5.16"]
[White "Sheremet, Anton"]
[Black "Aleksanyan, Hrant"]
[Result "1-0"]
[WhiteElo "2114"]
[BlackElo "1898"]
[PlyCount "77"]
[EventDate "2012.08.17"]

1. e4 c5 2. Nf3 d6 3. d4 cxd4 4. Nxd4 Nf6 5. Nc3 a6 6. Be2 e5 7. Nb3 Be7 8. O-O
b6 9. Be3 Bb7 10. f3 Nbd7 11. Rf2 Qc7 12. Bf1 O-O 13. Rd2 Rac8 14. a4 Rfd8 15.
Qe1 Nc5 16. Rad1 Nfd7 17. Nc1 Ne6 18. Bxa6 Ndc5 19. Nd5 Bxd5 20. Bxc8 Rxc8 21.
exd5 Nf8 22. b3 f5 23. Nd3 Nxd3 24. Rxd3 Nd7 25. c4 Nf6 26. Rc3 e4 27. fxe4
Nxe4 28. Bd4 Nxc3 29. Qe6+ Kh8 30. Bxc3 Rf8 31. Re1 Bg5 32. Qxf5 Qd8 33. Qe4
Qd7 34. Qe6 Qc7 35. Bd4 Qd8 36. g3 Bd2 37. Qe7 Qxe7 38. Rxe7 Bg5 39. Bxg7+ 1-0

[Event "European Youth Chess Championship B14"]
[Site "Prague, Top Hotel Prague"]
[Date "2012.08.21"]
[Round "5.17"]
[White "Popov, Andrey"]
[Black "Chekletsov, Ilya"]
[Result "1-0"]
[WhiteElo "2130"]
[BlackElo "2018"]
[PlyCount "57"]
[EventDate "2012.08.17"]

1. e4 c5 2. Nf3 d6 3. d4 cxd4 4. Nxd4 Nf6 5. Nc3 g6 6. Be3 Bg7 7. f3 O-O 8. Qd2
Nc6 9. g4 Nxd4 10. Bxd4 Be6 11. Nd5 Bxd5 12. exd5 Qd7 13. O-O-O Rfc8 14. Kb1 b5
15. h4 Qb7 16. Bh3 Rc4 17. g5 Nd7 18. Bxg7 Kxg7 19. h5 Nf8 20. f4 f6 21. hxg6
hxg6 22. f5 Rh4 23. Rdg1 Qb6 24. Qe1 Rxh3 25. Qxe7+ Kg8 26. gxf6 Rh7 27. Rxg6+
Nxg6 28. Qxh7+ Kf8 29. fxg6 1-0

[Event "European Youth Chess Championship B14"]
[Site "Prague, Top Hotel Prague"]
[Date "2012.08.21"]
[Round "5.18"]
[White "Ptacek, Tomas"]
[Black "Tarasov, Alexandr"]
[Result "0-1"]
[WhiteElo "2019"]
[BlackElo "2124"]
[PlyCount "68"]
[EventDate "2012.08.17"]

1. d4 c5 2. e3 Nf6 3. Nf3 d5 4. c3 Nc6 5. Bd3 Bg4 6. Nbd2 e6 7. O-O Bd6 8. dxc5
Bxc5 9. e4 O-O 10. Qc2 h6 11. h3 Bh5 12. e5 Nd7 13. g4 Bg6 14. Bxg6 fxg6 15.
Qxg6 Qe7 16. Qh5 Rf4 17. b4 Bb6 18. b5 Na5 19. Nh4 Rxf2 20. Rxf2 Rf8 21. Nhf3
Qc5 22. Qh4 Qxc3 23. Kg2 Bxf2 24. Qe7 Qxa1 25. Qxe6+ Kh7 26. Qxd7 Bc5 27. Ba3
Bxa3 28. Qxd5 Qc3 29. g5 Qc2 30. Kg3 Qf5 31. Qd4 Bc1 32. Qe4 Bxd2 33. Nxd2 Qxe4
34. Nxe4 Nc4 0-1

[Event "European Youth Chess Championship B14"]
[Site "Prague, Top Hotel Prague"]
[Date "2012.08.21"]
[Round "5.20"]
[White "Musiienko, Danylo"]
[Black "Sibashvili, Giorgi"]
[Result "0-1"]
[WhiteElo "2004"]
[BlackElo "2073"]
[PlyCount "102"]
[EventDate "2012.08.17"]

1. d4 Nf6 2. Nf3 d5 3. c4 c6 4. e3 e6 5. Nbd2 Nbd7 6. Bd3 Bd6 7. e4 dxe4 8.
Nxe4 Nxe4 9. Bxe4 Nf6 10. Bc2 b6 11. O-O Bb7 12. Bg5 Qc7 13. Qe1 O-O-O 14. b4
h6 15. Bd2 g5 16. c5 Bf4 17. Bxf4 Qxf4 18. Qe5 Nd5 19. Qxf4 Nxf4 20. Rfe1 Rhf8
21. Rad1 Ba6 22. Rd2 Kc7 23. g3 Nd5 24. a3 Ne7 25. Red1 Bc4 26. Be4 f6 27. Rc1
b5 28. h3 Kb7 29. Kg2 Rd7 30. Rcd1 a5 31. Rb2 Ka6 32. Nd2 Rxd4 33. Re1 Rfd8 34.
Nxc4 Rxc4 35. Bf3 e5 36. Reb1 a4 37. Rd1 Rxd1 38. Bxd1 Rc3 39. Ra2 Nf5 40. Bc2
Nd4 41. Bb1 Kb7 42. g4 Ne6 43. f3 Nf4+ 44. Kg3 Rc1 45. Bf5 Rh1 46. Rh2 Ra1 47.
Rd2 Nd5 48. Rd3 Ka6 49. Bc8+ Ka7 50. Bd7 Nf4 51. Rd6 Ra2 0-1

[Event "European Youth Chess Championship B14"]
[Site "Prague, Top Hotel Prague"]
[Date "2012.08.21"]
[Round "5.21"]
[White "Markoja, Boris"]
[Black "Puskar, Peter"]
[Result "1/2-1/2"]
[WhiteElo "2070"]
[BlackElo "1998"]
[Annotator ",Microsoft"]
[PlyCount "85"]
[EventDate "2012.08.17"]

1. e4 c5 2. Nf3 d6 3. d4 cxd4 4. Nxd4 Nf6 5. Nc3 a6 6. g3 e5 7. Nb3 Be7 8. Bg2
O-O 9. O-O b5 10. a4 Bb7 11. Re1 b4 12. Nd5 Nxd5 13. exd5 a5 14. Bd2 Qd7 15. c3
bxc3 16. Bxc3 Bd8 17. Qd2 Na6 18. Bxa5 Bxa5 19. Nxa5 Nc5 20. b4 Nxa4 21. Rxa4
Qxa4 22. Nxb7 Qd7 23. Na5 f5 24. Nc6 f4 25. Qe2 Ra3 26. Qh5 fxg3 27. hxg3 g6
28. Qh3 Qc7 29. Qe6+ Rf7 30. Rf1 Kg7 31. Be4 Ra2 32. Qh3 Qb6 33. Qg2 Rf8 34.
Bf3 Rf7 35. Be4 Rf8 36. Qh2 Rf7 37. Qg2 Rf8 38. Bb1 Rb2 39. Bd3 Ra2 40. Be4 Rf7
$11 41. Qh2 Rf8 42. Qg2 Rf7 43. Qh2 $11 1/2-1/2

[Event "European Youth Chess Championship B14"]
[Site "Prague, Top Hotel Prague"]
[Date "2012.08.21"]
[Round "5.22"]
[White "Foniak, Ivan"]
[Black "Murphy, Conor E"]
[Result "1-0"]
[WhiteElo "2067"]
[BlackElo "1976"]
[PlyCount "55"]
[EventDate "2012.08.17"]

1. e4 c5 2. Nf3 Nc6 3. d4 cxd4 4. Nxd4 Qb6 5. Nb3 Nf6 6. Nc3 e6 7. Be3 Qc7 8.
a3 a6 9. Be2 b5 10. f4 d6 11. g4 Bb7 12. g5 Nd7 13. O-O Nb6 14. Qe1 b4 15. Qf2
Nc4 16. Bxc4 bxc3 17. Bb6 Qc8 18. bxc3 Nd8 19. Bd3 Qxc3 20. Na5 Bc6 21. Nc4 e5
22. fxe5 dxe5 23. Bxd8 Kxd8 24. Qb6+ Kd7 25. Rxf7+ Be7 26. Raf1 Rhf8 27. Rxe7+
Kxe7 28. Qc5+ 1-0

[Event "European Youth Chess Championship B14"]
[Site "Prague, Top Hotel Prague"]
[Date "2012.08.21"]
[Round "5.23"]
[White "Marek, Matyas"]
[Black "Tokranovs, Dmitrijs"]
[Result "0-1"]
[WhiteElo "1975"]
[BlackElo "2060"]
[PlyCount "90"]
[EventDate "2012.08.17"]

1. Nf3 d5 2. c4 c6 3. e3 Nf6 4. Nc3 g6 5. d4 Bg7 6. Bd3 O-O 7. O-O Nbd7 8. b3
b6 9. cxd5 Nxd5 10. Nxd5 cxd5 11. Ba3 Re8 12. Rc1 Bb7 13. Qe2 a6 14. Bb2 Nb8
15. Ne5 Qd6 16. f4 e6 17. h4 Nd7 18. h5 Nf6 19. hxg6 fxg6 20. g4 Rac8 21. Rxc8
Bxc8 22. Qg2 Rf8 23. Bc3 Bb7 24. Qd2 a5 25. b4 Ne4 26. Bxe4 dxe4 27. bxa5 bxa5
28. Nc4 Qc7 29. Nxa5 Bd5 30. Rc1 Ra8 31. Bb4 Qd8 32. a3 Qh4 33. g5 Qg3+ 34. Kf1
h5 35. gxh6 Bxh6 36. Qf2 Qg4 37. Qg2 Qf5 38. Nc6 Bxc6 39. Rc5 Bd5 40. Ke2 Bf8
41. Rc7 Bxb4 42. Qh2 Qh5+ 43. Qxh5 gxh5 44. axb4 Ra2+ 45. Ke1 Rb2 0-1

[Event "European Youth Chess Championship B14"]
[Site "Prague, Top Hotel Prague"]
[Date "2012.08.21"]
[Round "5.24"]
[White "Suarez Gomez, Julio"]
[Black "Yaver, Faik Emre"]
[Result "1-0"]
[WhiteElo "2057"]
[BlackElo "1782"]
[PlyCount "121"]
[EventDate "2012.08.17"]

1. e4 e5 2. Nf3 Nc6 3. Bc4 Bc5 4. c3 Nf6 5. d4 exd4 6. cxd4 Bb4+ 7. Bd2 Bxd2+
8. Nbxd2 d5 9. exd5 Nxd5 10. Qb3 Nce7 11. O-O O-O 12. Ne5 c6 13. Ne4 Qb6 14.
Qd3 f6 15. Nf3 Kh8 16. Bb3 Bf5 17. Nh4 Nf4 18. Qf3 Bxe4 19. Qxe4 Ned5 20. Rfe1
Qd8 21. Qf3 f5 22. g3 Nh3+ 23. Kg2 Ng5 24. Qh5 Qf6 25. f4 Ne4 26. Qxf5 Nd6 27.
Qxf6 Nxf6 28. Nf3 Rad8 29. Rad1 Nf5 30. Be6 g6 31. Bxf5 gxf5 32. Ng5 Rd7 33.
Re5 Ng4 34. Re6 h6 35. Nf3 Nf6 36. Nh4 Kg7 37. Nxf5+ Kg6 38. Nh4+ Kf7 39. Re2
Rfd8 40. Nf3 Kg7 41. Rde1 Nd5 42. Re6 Rf7 43. a3 Kh7 44. Re8 Rd6 45. Ra8 a6 46.
Ree8 Nf6 47. Rh8+ Kg7 48. g4 Re7 49. g5 hxg5 50. fxg5 Ne4 51. h4 Kf7 52. Rh7+
Ke6 53. g6 Nf6 54. Ng5+ Kd7 55. Rxe7+ Kxe7 56. g7 Rxd4 57. Rf8 Rxh4 58. Rf7+
Kd8 59. Rxf6 Rg4+ 60. Kf3 Rxg5 61. Rf8+ 1-0

[Event "European Youth Chess Championship B14"]
[Site "Prague, Top Hotel Prague"]
[Date "2012.08.21"]
[Round "5.25"]
[White "Garriga Cazorla, Pere"]
[Black "Petrov, Vladimir Sergeev"]
[Result "1-0"]
[WhiteElo "2043"]
[BlackElo "1991"]
[PlyCount "85"]
[EventDate "2012.08.17"]

1. d4 Nf6 2. c4 e6 3. Nc3 Bb4 4. e3 O-O 5. Nge2 d5 6. a3 Bd6 7. Ng3 c6 8. cxd5
cxd5 9. Bd3 b6 10. Qe2 Nbd7 11. O-O Bb7 12. f3 Re8 13. Qf2 Rc8 14. Bd2 e5 15.
Rac1 a6 16. a4 exd4 17. exd4 Nc5 18. Bc2 Ne6 19. Nf5 Bb8 20. Qh4 Nd7 21. Qh3
Ndf8 22. Qg4 Ng6 23. h4 Qc7 24. h5 Ngf8 25. Bd3 Qd7 26. Kf2 Kh8 27. Rh1 Bc7 28.
Rh3 Bd8 29. Rch1 Bf6 30. Be3 Rc7 31. Rg3 Rec8 32. Bh6 Rxc3 33. bxc3 Rxc3 34.
Nxg7 Bxd4+ 35. Ke2 Qe7 36. Nxe6 Qxe6+ 37. Qxe6 Nxe6 38. Rh4 Rxd3 39. Rhg4 Re3+
40. Bxe3 Bg7 41. h6 f5 42. Rxg7 Nxg7 43. Rxg7 1-0

[Event "European Youth Chess Championship B14"]
[Site "Prague, Top Hotel Prague"]
[Date "2012.08.21"]
[Round "5.26"]
[White "Erdogan, Anil Berk"]
[Black "Melnikov, Egor"]
[Result "1/2-1/2"]
[WhiteElo "1681"]
[BlackElo "2033"]
[PlyCount "70"]
[EventDate "2012.08.17"]

1. e4 c5 2. Nf3 Nc6 3. d4 cxd4 4. Nxd4 g6 5. c4 Bg7 6. Be3 Nf6 7. Nc3 d6 8. Be2
O-O 9. O-O Bd7 10. Qd2 Nxd4 11. Bxd4 Bc6 12. f3 a5 13. b3 Nd7 14. Be3 Nc5 15.
Rab1 Qb6 16. Rfc1 Rfc8 17. Rc2 h5 18. a3 Qd8 19. Bf1 Kh7 20. b4 axb4 21. axb4
Na4 22. Nxa4 Bxa4 23. Ra2 Be8 24. Rxa8 Rxa8 25. c5 dxc5 26. Qxd8 Rxd8 27. bxc5
Bc6 28. Bb5 Bxb5 29. Rxb5 Rd7 30. Kf2 e6 31. Kf1 Kh8 32. Kf2 Kh7 33. Kf1 Kh8
34. Kf2 Kh7 35. Kf1 Kh8 1/2-1/2

[Event "European Youth Chess Championship B14"]
[Site "Prague, Top Hotel Prague"]
[Date "2012.08.21"]
[Round "5.27"]
[White "Khanin, Semen"]
[Black "Shahaliyev, Ismayil"]
[Result "0-1"]
[WhiteElo "2220"]
[BlackElo "1954"]
[PlyCount "84"]
[EventDate "2012.08.17"]

1. e4 c5 2. Nf3 d6 3. d4 cxd4 4. Nxd4 Nf6 5. Nc3 a6 6. Be3 e6 7. f3 Be7 8. Qd2
Nc6 9. O-O-O O-O 10. g4 Nd7 11. Rg1 Nxd4 12. Qxd4 Ne5 13. Be2 Nc6 14. Qb6 Bg5
15. Kb1 Bxe3 16. Qxe3 b5 17. Rd2 Ra7 18. h4 Rd7 19. h5 Bb7 20. Rgd1 Re8 21. Qf4
e5 22. Qe3 Nd4 23. Bd3 Qf6 24. Rf2 Ne6 25. Qb6 Qd8 26. Qxd8 Rexd8 27. a4 b4 28.
Na2 a5 29. Nc1 Bc6 30. Nb3 Bxa4 31. Nxa5 d5 32. exd5 Rxd5 33. Nc4 b3 34. Rc1
Nc5 35. Nb6 Nxd3 36. cxd3 Bb5 37. Rc3 Rxd3 38. Rxd3 Rxd3 39. Kc1 f6 40. Nc8 Rd7
41. Nb6 Rd6 42. Na8 Ra6 0-1

[Event "European Youth Chess Championship B14"]
[Site "Prague, Top Hotel Prague"]
[Date "2012.08.21"]
[Round "5.28"]
[White "Stremavicius, Titas"]
[Black "Monteriano, Eran"]
[Result "1-0"]
[WhiteElo "2195"]
[BlackElo "1947"]
[PlyCount "153"]
[EventDate "2012.??.??"]

1. d4 Nf6 2. c4 g6 3. Nc3 Bg7 4. e4 d6 5. f3 O-O 6. Be3 e5 7. d5 c6 8. Qd2 cxd5
9. cxd5 a6 10. a4 Nh5 11. Bd3 Nf4 12. Bc2 f5 13. a5 Nd7 14. g3 Nh5 15. Bf2 b6
16. axb6 Nxb6 17. b3 Bd7 18. Qe3 Qc7 19. Nge2 Nc8 20. O-O f4 21. Qd3 Bh3 22. g4
Bxf1 23. Kxf1 Nf6 24. Rxa6 Rxa6 25. Qxa6 Nxg4 26. fxg4 f3 27. Qd3 fxe2+ 28.
Kxe2 Qf7 29. Nd1 Ne7 30. Qe3 g5 31. Bd3 Ng6 32. Bc4 Nf4+ 33. Kd2 h5 34. Qg3 Ra8
35. Kc2 Qc7 36. gxh5 Ra2+ 37. Nb2 Qa5 38. Be1 Qa3 39. Bc3 Nxh5 40. Qxg5 Nf6 41.
Qg2 Qc5 42. Bd3 Qe3 43. Qg3 Qc5 44. Qf3 Qg1 45. h3 Bh6 46. Qd1 Qg2+ 47. Kb1 Ra8
48. Qe1 Qxh3 49. Bb4 Rb8 50. Bc2 Bf8 51. Nc4 Nh5 52. Qc3 Qg4 53. Bxd6 Bxd6 54.
Nxd6 Qg1+ 55. Kb2 Ra8 56. Bb1 Nf4 57. Nc4 Qh2+ 58. Qd2 Qxd2+ 59. Nxd2 Kf7 60.
Nc4 Ng6 61. Bc2 Rh8 62. b4 Rb8 63. Kc3 Kf6 64. Ba4 Nf4 65. Bc6 Ne2+ 66. Kb3
Nc1+ 67. Ka3 Nd3 68. b5 Nc5 69. Nd2 Nb7 70. Kb4 Ke7 71. Bxb7 Rxb7 72. Nc4 Kf6
73. b6 Kg5 74. Kc5 Kf4 75. Nd6 Rb8 76. Kc6 Rh8 77. b7 1-0

[Event "European Youth Chess Championship B14"]
[Site "Prague, Top Hotel Prague"]
[Date "2012.08.21"]
[Round "5.29"]
[White "Msellek, Ilyass"]
[Black "Spacek, Oliver"]
[Result "0-1"]
[WhiteElo "2173"]
[BlackElo "1945"]
[PlyCount "80"]
[EventDate "2012.08.17"]

1. e4 c5 2. Nf3 Nc6 3. Bb5 g6 4. c3 Bg7 5. d4 cxd4 6. cxd4 Nf6 7. O-O Nxe4 8.
d5 Nd6 9. Be2 Ne5 10. Nd4 O-O 11. Na3 f5 12. Qa4 a6 13. Nab5 Ne4 14. Qa3 Qb6
15. Nb3 f4 16. N5d4 Qf6 17. Nd2 Ng5 18. Qb3 d6 19. Bd1 h5 20. h3 b5 21. a4 bxa4
22. Rxa4 Bd7 23. Rb4 a5 24. Rb7 Rac8 25. Be2 a4 26. Qa3 Rb8 27. Ra7 Bxh3 28.
gxh3 f3 29. Bd1 Nxh3+ 30. Kh1 Qh4 31. N2xf3 Nxf3 32. Nxf3 Nxf2+ 33. Kg2 Qh3+
34. Kxf2 Rb3 35. Rxa4 Rfxf3+ 36. Bxf3 Qxf3+ 37. Ke1 Rxa3 38. Rxa3 Qxd5 39. Rff3
Bf6 40. Rab3 h4 0-1

[Event "European Youth Chess Championship B14"]
[Site "Prague, Top Hotel Prague"]
[Date "2012.08.21"]
[Round "5.30"]
[White "Savenkov, Konstantin"]
[Black "Tuerlinckx, Ben"]
[Result "1-0"]
[WhiteElo "2162"]
[BlackElo "1938"]
[PlyCount "43"]
[EventDate "2012.08.17"]

1. e4 c6 2. d4 d5 3. exd5 cxd5 4. Bd3 Nc6 5. c3 g6 6. Bf4 Nf6 7. Nf3 Bg7 8. O-O
Nh5 9. Be3 Qd6 10. Na3 a6 11. c4 O-O 12. cxd5 Qxd5 13. Nc4 Bxd4 14. Nxd4 Nxd4
15. Nb6 Qc5 16. Nxa8 e5 17. Rc1 Qd6 18. Be2 Nf6 19. Bxd4 exd4 20. Bf3 Be6 21.
Nc7 Bxa2 22. Qa4 1-0

[Event "European Youth Chess Championship B14"]
[Site "Prague, Top Hotel Prague"]
[Date "2012.08.21"]
[Round "5.31"]
[White "Blahynka, Martin"]
[Black "Gerlagh, Joris"]
[Result "1/2-1/2"]
[WhiteElo "2145"]
[BlackElo "1930"]
[PlyCount "68"]
[EventDate "2012.08.17"]

1. d4 f5 2. Nc3 d5 3. Bf4 c6 4. e3 e6 5. Bd3 Bd6 6. Nf3 Bxf4 7. exf4 Nf6 8. O-O
O-O 9. Re1 Ne4 10. Ne2 Nd7 11. Ne5 Qh4 12. f3 Nxe5 13. fxe5 Nf2 14. Qd2 Nxd3
15. Qxd3 g5 16. f4 g4 17. a4 a5 18. Qc3 Bd7 19. b4 Rfb8 20. bxa5 Qd8 21. Nc1
Rxa5 22. Nb3 Ra7 23. a5 Rba8 24. Qc5 Kf7 25. Qd6 Qe7 26. Reb1 Qxd6 27. exd6 Ke8
28. Nc5 b5 29. a6 Rd8 30. Re1 Kf7 31. Nb7 Rda8 32. Nc5 Rd8 33. Nb7 Rda8 34. Nc5
Rd8 1/2-1/2

[Event "European Youth Chess Championship B14"]
[Site "Prague, Top Hotel Prague"]
[Date "2012.08.21"]
[Round "5.32"]
[White "Voloshin, Pavel"]
[Black "Bakhmatsky, Vladislav"]
[Result "1/2-1/2"]
[WhiteElo "1922"]
[BlackElo "2101"]
[PlyCount "81"]
[EventDate "2012.08.17"]

1. e4 c5 2. c3 Qa5 3. Nf3 Nc6 4. Na3 e6 5. Be2 Nf6 6. d3 d5 7. exd5 Nxd5 8. O-O
Be7 9. d4 cxd4 10. Nc4 Qc7 11. Nxd4 O-O 12. Nxc6 bxc6 13. Qa4 a5 14. Ne3 Bb7
15. Nxd5 cxd5 16. Bf3 e5 17. Be3 Bc6 18. Qc2 f5 19. Qb3 e4 20. Be2 Rab8 21. Qc2
f4 22. Bd4 f3 23. gxf3 exf3 24. Bd3 Qf4 25. Bxh7+ Kh8 26. Qg6 Bf6 27. Qh5 Bxd4
28. Bd3+ Qh6 29. Qxh6+ gxh6 30. cxd4 Rg8+ 31. Kh1 Rxb2 32. Rac1 Be8 33. Rc7 Bg6
34. Bxg6 Rxg6 35. Rf7 Rxa2 36. Rxf3 Rd2 37. Ra3 Ra6 38. Rfa1 Rxd4 39. Rxa5 Rxa5
40. Rxa5 Kg7 41. Kg2 1/2-1/2

[Event "European Youth Chess Championship B14"]
[Site "Prague, Top Hotel Prague"]
[Date "2012.08.21"]
[Round "5.33"]
[White "Kravec, Patrik"]
[Black "Rudakov, Aleksandr"]
[Result "1/2-1/2"]
[WhiteElo "1910"]
[BlackElo "2086"]
[PlyCount "83"]
[EventDate "2012.08.17"]

1. f4 d5 2. Nf3 g6 3. e3 Bg7 4. d4 Nh6 5. Be2 O-O 6. O-O Nd7 7. c3 Nf5 8. g4
Nd6 9. h3 Nf6 10. Ne5 Nfe4 11. Kg2 c6 12. Nd2 f6 13. Nd3 e5 14. Nf3 exf4 15.
exf4 Re8 16. a4 Bd7 17. Qc2 Qc7 18. a5 b6 19. axb6 axb6 20. Rxa8 Rxa8 21. Nb4
Be6 22. Rd1 Qb7 23. Nd3 c5 24. Nf2 Nxf2 25. Kxf2 Ne4+ 26. Kg2 c4 27. Nd2 f5 28.
g5 Qd7 29. Nf3 Ra2 30. Ne5 Qb5 31. Bf3 Bf8 32. Bxe4 fxe4 33. Kf2 Ba3 34. Rd2
e3+ 35. Kxe3 Bf5 36. Qd1 Bxb2 37. Bxb2 Rxb2 38. Qa1 Rxd2 39. Qa8+ Kg7 40. Qb7+
Bd7 41. Kxd2 Qb2+ 42. Kd1 1/2-1/2